Dzieje zamku lublinieckiego
| Titel: | Dzieje zamku lublinieckiego |
|---|---|
| Verfasser: | |
| In: |
Szkice lublinieckie, Band 3 (1992), Seite 8-15 alle Artikel anzeigen |
| Veröffentlicht: | 1992 |
| Format: | Aufsatz |
| Sprache: | Polnisch |
X
alg: 39467162 001A $01999:12-11-16 001B $01999:30-05-21 $t14:39:10.000 001D $01999:12-11-16 001U $0utf8 001X $00 002@ $0Aox 003@ $0394671627 007A $0394671627 $aHEB 007T $0Herdww000713 010@ $apol 011@ $a1992 021A $aDzieje zamku lublinieckiego 028A $aZgorzelska $dUrszula 031A $d3 $h8-15 $j1992 039B $aIn $8--Abvc--. Szkice lublinieckie. - Lubliniec, 1986-. - ISSN 0860-3685 $x199200000030000992 $9182896552 045F $a307.094385 $eDDC23BSB 045F/01 $a307.09 045F/03 $g4385 lok: 39467162 78 exp: 39467162 78 1 #EPN 201B/01 $018-11-16 $t12:21:47.000 201U/01 $0utf8 203@/01 $079078212X 208@/01 $a12-11-16 $be 209A/01 $a/ $f000 $x00 220C/01 $aTitelaufnehmer: EW 220C/01 $aHerkunft: IH UWr 244Z/01 $2Trx $#Silesia $#Śląsk $#Sliezsko $#Slezsko $8--Trx--Schlesien $x01 $9391173987 244Z/01 $2Trx $#Lublinitz $#Loben Tschenstochau $8--Trx--Lubliniec $x02 $9391273396 244Z/01 $aGeschichte 1397-1926 $x03 244Z/01 $2Trx $#lossid ja paleed $#pilys ir rūmai $#Castles and palaces $#kastélyok és paloták $#zamki i pałace $#zámky a paláce $#zámky a paláce $#Paläste $#Architektur Schlösser $#pałace $#paláce $#paláce $8--Trx--Schlösser und Paläste $x04 $9391360531 244Z/01 $2Trx $8--Trx--Zeitschriftenaufsatz $x05 $9391384341 245Z/01 $a13.03 $x01 245Z/01 $a11.11 $x02 247C/01 $82080>Marburg/Lahn, Herder-Institut, Forschungsbibliothek, Bibliographieportal $9336309341
| LEADER | 00000caa a22000002c 4500 | ||
|---|---|---|---|
| 001 | 394671627 | ||
| 003 | DE-603 | ||
| 005 | 20210530143910.0 | ||
| 007 | tu | ||
| 008 | 161112s1992 xx |||| | u00||u|pol c | ||
| 035 | |a (DE-599)HEB394671627 | ||
| 040 | |a DE-603 |b ger |c DE-603 |d DE-603 | ||
| 041 | |a pol | ||
| 082 | 0 | 4 | |8 1\u |a 307.094385 |q DE-101 |2 23/BSB |
| 085 | |8 1\u |b 307.09 | ||
| 085 | |8 1\u |z 2 |s 4385 | ||
| 100 | 1 | |a Zgorzelska, Urszula | |
| 245 | 0 | 0 | |a Dzieje zamku lublinieckiego |
| 264 | 0 | |c 1992 | |
| 773 | 0 | 8 | |i In |t Szkice lublinieckie |d Lubliniec, 1986- |x 0860-3685 |g Band 3 (1992), Seite 8-15 |w (DE-603)182896552 |w (DE-600)2259923-X |
| 924 | 0 | |9 2080 |a (DE-603)79078212X |b DE-2080 |c HES |d d |g / | |


